Videocassettes : (Record no. 131085)

MARC details
000 -LEADER
campo de control de longitud fija 00636nam a2200193 4500
001 - NÚMERO DE CONTROL
campo de control 131085
003 - IDENTIFICADOR DE NÚMERO DE CONTROL
campo de control ES-MaACL
005 - FECHA Y HORA DE LA ÚLTIMA TRANSACCIÓN
campo de control 20230906193919.0
007 - CAMPO FIJO DE DESCRIPCIÓN FÍSICA--INFORMACIÓN GENERAL
campo de control de longitud fija t|
008 - DATOS DE LONGITUD FIJA--INFORMACIÓN GENERAL
campo de control de longitud fija 070214s1972 sp r ||||1| spa d
100 1# - ENTRADA PRINCIPAL--NOMBRE DE PERSONA
Nombre de persona Roberts, Martin.
9 (RLIN) 97839
245 10 - MENCIÓN DEL TÍTULO
Título Videocassettes :
Resto del título los sistemas, el mercado, el futuro /
Mención de responsabilidad, etc. Martin Roberts ; [traducción de Miguel y Enrique Paredes].
260 ## - PUBLICACIÓN, DISTRIBUCIÓN, ETC.
Lugar de publicación, distribución, etc. Salamanca :
Nombre del editor, distribuidor, etc. Anaya,
Fecha de publicación, distribución, etc. 1972.
300 ## - DESCRIPCIÓN FÍSICA
Extensión 142 p. :
Otras características físicas il. ;
Dimensiones 17 cm.
650 #4 - PUNTO DE ACCESO ADICIONAL DE MATERIA--TÉRMINO DE MATERIA
Término de materia o nombre geográfico como elemento de entrada Grabaciones en vídeo.
9 (RLIN) 171976
700 1# - ENTRADA AGREGADA--NOMBRE PERSONAL
Nombre de persona Paredes Larrucea, Miguel.
9 (RLIN) 89050
700 1# - ENTRADA AGREGADA--NOMBRE PERSONAL
Nombre de persona Paredes Larrucea, Enrique.
9 (RLIN) 89048
852 ## - LOCALIZACIÓN
Ubicación ES-MaACL
Número de control de estantería C-45507
Holdings
Estatus retirado Estado de pérdida Estado de daño No para préstamo Biblioteca de origen Biblioteca actual Ubicación en estantería Fecha de adquisición Fuente de adquisición Total de préstamos Signatura topográfica completa Código de barras Visto por última vez Precio de reemplazo Tipo de ítem Koha
        Biblioteca del Ateneo de Madrid Biblioteca del Ateneo de Madrid Depósito 2 17/01/2008     C-45507 1136474 23/02/2023 23/02/2023 Libro impreso